Targeting the construction industry (Record no. 80308)

MARC details
000 -LEADER
fixed length control field 00958cab a22001935a 4500
001 - CONTROL NUMBER
control field L143906
008 - FIXED-LENGTH DATA ELEMENTS--GENERAL INFORMATION
fixed length control field 080605s2008 xxk f 000 0 eng d
035 ## - SYSTEM CONTROL NUMBER
System control number (Sirsi) u143906
041 0# - LANGUAGE CODE
Language code of text/sound track or separate title eng
100 1# - MAIN ENTRY--PERSONAL NAME
Personal name Giles, Matthew
245 00 - TITLE STATEMENT
Title Targeting the construction industry
260 ## - PUBLICATION, DISTRIBUTION, ETC.
Date of publication, distribution, etc. 2008
490 ## - SERIES STATEMENT
Series statement Property Forecast
Volume/sequential designation 11(5) May 2008, 4-5(2)
520 ## - SUMMARY, ETC.
Summary, etc. Reports on the progress and impact to date of the Office of Fair Trading's statement of objections against 112 construction companies for anti-competitive practices. 37 firms have applied for leniency in exchange for full and frank cooperation into the allegations of cover pricing and bid rigging arrangements. Cautions that the levying of excessive fines as punishment may contribute to bankruptcy in the sector. This in turn may reduce the amount of competition available.
590 ## - LOCAL NOTE (RLIN)
Local note KA
651 #4 - SUBJECT ADDED ENTRY--GEOGRAPHIC NAME
Geographic name United Kingdom
Chronological subdivision
690 ## - LOCAL SUBJECT ADDED ENTRY--TOPICAL TERM (OCLC, RLIN)
Topical term or geographic name as entry element BUILT ENVIRONMENT-CONSTRUCTION MARKET
942 ## - ADDED ENTRY ELEMENTS (KOHA)
Suppress in OPAC 0
Holdings
Withdrawn status Lost status Source of classification or shelving scheme Damaged status Not for loan Home library Current library Shelving location Date acquired Total Checkouts Full call number Barcode Date last seen Copy number Price effective from Koha item type
    Dewey Decimal Classification     London London Journal article 05/06/2008   L143906 143906-1001 06/08/2019 1 06/08/2019 Journal article